00808cam a22002533a 45000010005000000030006000050050017000110080041000280400015000690420007000840500007000911000034000982450108001322600029002405060030002695160020002996530041003196530025003608300028003858560041004139420007004549990019004619520074004805642PGUSA20140828083122.0040501s2004||||xxu|||||s|||||000 1 eng d aPGUSAbeng adc 4aPR1 aTrollope, Anthony,d1815-188210aHarry Heathcote of Gangoil :bA Tale of Australian Bush-Lifeh[electronic resource] /cAnthony Trollope bProject Gutenberg,c2004 aPublic domain in the USA. aElectronic text aFrontier and pioneer life -- Fiction aAustralia -- Fiction 0aProject Gutenbergv564240uhttp://www.gutenberg.org/ebooks/5642 cEB c234970d234970 001040aGTBbGTBd2014-08-28l0r2014-08-28 00:00:00w2014-08-28yEB